[Event "Tournoi Skype 032A"]
[Site "Skype"]
[Date "????.??.??"]
[Round "1.32"]
[White "Bendre, Pankaj"]
[Black "Aceituno, Stebe"]
[Result "0-1"]
[WhiteElo "1479"]
[BlackElo "1641"]
[PlyCount "84"]

1. d4 Nf6 2. Nf3 g6 3. b3 Bg7 4. Bb2 d6 5. e3 c5 6. d5 Nbd7 7. c4 Qa5+ 8. Nbd2
O-O 9. Bd3 a6 10. O-O b5 11. Qc2 Qd8 12. cxb5 axb5 13. Bxb5 Nb6 14. e4 Bb7 15.
Bc4 Rc8 16. Rfe1 Nxc4 17. bxc4 Ba6 18. Nb3 Nd7 19. Bxg7 Kxg7 20. Qc3+ f6 21.
Ng5 Qe8 22. Ne6+ Kf7 23. Nxf8 Qxf8 24. Qa5 Bxc4 25. Nd2 Ra8 26. Qc7 Ne5 27. f4
Rc8 28. Qa5 Nd3 29. Re3 Ra8 30. Qc7 Ba6 31. Qd7 Nb4 32. Qe6+ Kg7 33. Rc3 Bc8
34. Nc4 Bxe6 35. dxe6 Qg8 36. f5 Nc6 37. Ne3 Nd4 38. Kf1 Qb8 39. Nd5 Qb2 40.
Rac1 Qe2+ 41. Kg1 Qxe4 42. Nxe7 Ne2+ 0-1

[Event "Tournoi Skype 032A"]
[Site "Skype"]
[Date "????.??.??"]
[Round "1.33"]
[White "Herrera, Oscar"]
[Black "Vaswani, Manohar"]
[Result "1/2-1/2"]
[WhiteElo "1635"]
[BlackElo "1447"]
[PlyCount "71"]

1. e4 e5 2. Nf3 Nc6 3. Bc4 Nf6 4. Nc3 Bc5 5. d3 h6 6. O-O d6 7. h3 O-O 8. a3
Re8 9. Re1 Be6 10. Bxe6 Rxe6 11. Be3 Bb6 12. Qd2 Bxe3 13. Rxe3 Nh5 14. Nd5 Ne7
15. Nxe7+ Qxe7 16. Rae1 Nf4 17. Kh2 a6 18. d4 exd4 19. Nxd4 Rg6 20. Rg3 Rxg3
21. fxg3 Ne6 22. Nf5 Qf6 23. Qf2 Qxb2 24. Ne7+ Kf8 25. Nd5 c6 26. Nb6 Rd8 27.
Nc4 Qf6 28. Qxf6 gxf6 29. Rf1 Kg7 30. h4 Nd4 31. Ne3 Re8 32. Rf4 Ne2 33. Nf5+
Kh7 34. Rg4 Rg8 35. Rxg8 Kxg8 36. Nxd6 1/2-1/2

[Event "Tournoi Skype 032A"]
[Site "Skype"]
[Date "????.??.??"]
[Round "2.1"]
[White "Vasquez Cienfuegos, Oscar"]
[Black "Resende, Paulo"]
[Result "0-1"]
[WhiteElo "1651"]
[BlackElo "1929"]
[PlyCount "90"]

1. Nf3 Nf6 2. g3 d5 3. d4 Bf5 4. Bg2 e6 5. O-O Bd6 6. Re1 O-O 7. Nbd2 Nbd7 8.
Nh4 Re8 9. e4 dxe4 10. Nxe4 Bxe4 11. Bxe4 Nxe4 12. Rxe4 Nf6 13. Re1 c6 14. c4
Qc7 15. c5 Be7 16. Bf4 Qa5 17. Nf3 Rad8 18. Qb3 b6 19. Ne5 Rc8 20. Nc4 Qb5 21.
cxb6 axb6 22. Qxb5 cxb5 23. Nd6 Bxd6 24. Bxd6 Rc2 25. h3 Rec8 26. b3 Rb2 27.
Reb1 Rcc2 28. Rxb2 Rxb2 29. Rc1 h6 30. Rc8+ Kh7 31. Rb8 Rxa2 32. Rxb6 Ne4 33.
b4 Nxd6 34. Rxd6 Rb2 35. d5 exd5 36. Rxd5 Rxb4 37. Rd7 Kg6 38. Rb7 Rb1+ 39. Kg2
b4 40. h4 b3 41. g4 b2 42. f4 f6 43. f5+ Kh7 44. h5 Kg8 45. Kf2 Rh1 0-1

[Event "Tournoi Skype 032A"]
[Site "Skype"]
[Date "????.??.??"]
[Round "2.2"]
[White "Ricieri, Vinicius"]
[Black "Sanchez Ruiz, Justo"]
[Result "1-0"]
[WhiteElo "1878"]
[BlackElo "1671"]
[PlyCount "35"]

1. d4 e6 2. c4 d5 3. Nf3 Nf6 4. g3 a6 5. a4 c5 6. cxd5 exd5 7. Bg2 Nc6 8. O-O
Be6 9. Bg5 h6 10. Bxf6 Qxf6 11. dxc5 Bxc5 12. Nc3 Rd8 13. Qd2 O-O 14. e3 Bb4
15. Nd4 Na5 16. Rfd1 Nb3 17. Nxb3 d4 18. Nxd4 1-0

[Event "Tournoi Skype 032A"]
[Site "Skype"]
[Date "????.??.??"]
[Round "2.3"]
[White "Aceituno, Stebe"]
[Black "Calcino, Luis"]
[Result "0-1"]
[WhiteElo "1641"]
[BlackElo "1848"]
[PlyCount "76"]

1. e4 Nf6 2. Nc3 d6 3. Nf3 g6 4. Bc4 Bg7 5. d3 c6 6. h3 O-O 7. O-O b5 8. Bb3
Bb7 9. Be3 Nbd7 10. a3 Nc5 11. Ba2 Na4 12. Nxa4 bxa4 13. Qd2 Re8 14. c3 e5 15.
Qc2 Qa5 16. b4 axb3 17. Qxb3 Qc7 18. Rab1 Ba6 19. c4 c5 20. Qa4 Bc8 21. Bd2 Bd7
22. Qa5 Qc8 23. Kh2 Nh5 24. Bb3 Nf4 25. Bxf4 exf4 26. Qd2 Be5 27. Nxe5 dxe5 28.
f3 Qd8 29. Bc2 Qc7 30. Rb3 Ba4 31. Rb2 Bxc2 32. Qxc2 Reb8 33. Rfb1 Rb6 34. Kg1
Rab8 35. Kf2 Qd8 36. Ke2 Qd4 37. Qc1 Rxb2+ 38. Rxb2 Rxb2+ 0-1

[Event "Tournoi Skype 032A"]
[Site "Skype"]
[Date "????.??.??"]
[Round "2.5"]
[White "Quiel, Aristoteles"]
[Black "Rico Hernandez, Edgar"]
[Result "0-1"]
[WhiteElo "1596"]
[BlackElo "1843"]
[PlyCount "96"]

1. d4 d5 2. c4 e6 3. Nc3 Nf6 4. Bg5 Nbd7 5. e3 Be7 6. Nf3 c6 7. Qc2 O-O 8.
O-O-O dxc4 9. Bxc4 b5 10. Bd3 h6 11. Bf4 Bb7 12. g4 Nd5 13. Nxd5 cxd5 14. Bc7
Qc8 15. Bxb5 Ba6 16. Bd3 Qb7 17. Ba5 Rfc8 18. Bc3 Rab8 19. Bh7+ Kh8 20. Bd3 Bb4
21. a3 Bxc3 22. bxc3 Bxd3 23. Rxd3 Qa6 24. a4 Rc4 25. a5 Qxa5 26. Nd2 Rc6 27.
Kd1 Rcb6 28. Ke2 Rb2 29. Qc1 Qa6 30. f3 Ra2 31. e4 dxe4 32. fxe4 Nf6 33. Qg1
Nxe4 34. Ke3 Rxd2 35. Rxd2 Nxd2 36. Qa1 Nc4+ 37. Kf3 Qc6+ 38. Kg3 Rb2 39. Qxb2
Nxb2 40. Rf1 Qxc3+ 41. Kg2 f6 42. d5 exd5 43. h4 Nc4 44. Rf3 Qd2+ 45. Rf2 Qd4
46. Re2 Qxg4+ 47. Kf1 Qxe2+ 48. Kxe2 a5 0-1

[Event "Tournoi Skype 032A"]
[Site "Skype"]
[Date "????.??.??"]
[Round "2.6"]
[White "Segura Lozano, Marcos Antonio"]
[Black "Junqueira, Leonardo De Faria"]
[Result "0-1"]
[WhiteElo "1825"]
[BlackElo "1645"]
[PlyCount "70"]

1. e4 e5 2. Nf3 d5 3. exd5 Bd6 4. Nc3 Nf6 5. Bb5+ Bd7 6. Bxd7+ Nbxd7 7. d3 O-O
8. O-O h6 9. Re1 Re8 10. Bd2 Nb6 11. g3 Nbxd5 12. Ne4 Nxe4 13. Rxe4 Nf6 14. Rh4
e4 15. Ne1 Bc5 16. Ng2 exd3 17. cxd3 Qxd3 18. Qc1 Bxf2+ 19. Kh1 Re4 20. Bxh6
Rxh4 21. Nxh4 Qe4+ 22. Ng2 gxh6 23. Qxh6 Qg6 24. Qf4 Bb6 25. Rd1 Re8 26. Nh4
Qe4+ 27. Qxe4 Nxe4 28. Kg2 Nf6 29. Kh3 Ba5 30. Nf5 Re5 31. g4 Kf8 32. a3 Rd5
33. Rf1 Ne4 34. Nh6 f6 35. Rxf6+ Nxf6 0-1

[Event "Tournoi Skype 032A"]
[Site "Skype"]
[Date "????.??.??"]
[Round "2.7"]
[White "Abdulrazzaq, Mohsen"]
[Black "Elias, Roberto"]
[Result "0-1"]
[WhiteElo "1585"]
[BlackElo "1821"]
[PlyCount "130"]

1. e4 c6 2. d4 d5 3. exd5 cxd5 4. Nf3 Nc6 5. Bb5 Bg4 6. Nc3 Nf6 7. h3 Bh5 8.
Bg5 a6 9. Bxc6+ bxc6 10. Bxf6 exf6 11. O-O Be7 12. Re1 O-O 13. Qd3 Bg6 14. Qe2
Bb4 15. a3 Bxc3 16. bxc3 Qa5 17. c4 Qc3 18. cxd5 cxd5 19. Ra2 Be4 20. Qd1 Bxf3
21. gxf3 Rfe8 22. Rxe8+ Rxe8 23. Ra1 Rc8 24. Rc1 Qxa3 25. Ra1 Qd6 26. Qe2 Ra8
27. c4 Kf8 28. c5 Qe6 29. Qxe6 fxe6 30. f4 Ke7 31. Kg2 Kd7 32. Kf3 a5 33. Ke3
a4 34. Kd3 Kc6 35. Kc3 h6 36. Kb4 Rb8+ 37. Ka5 Ra8+ 38. Kb4 Rb8+ 39. Ka5 Rb2
40. Kxa4 Rxf2 41. Re1 Kd7 42. Rb1 Ra2+ 43. Kb3 Ra7 44. Kc2 g5 45. fxg5 hxg5 46.
Rg1 Ra2+ 47. Kb1 Rd2 48. Rg4 Kc6 49. Kc1 Rd3 50. h4 gxh4 51. Rxh4 e5 52. Rh6
Rxd4 53. Rxf6+ Kxc5 54. Rf2 e4 55. Re2 Rd3 56. Kc2 Kd4 57. Rd2 Rxd2+ 58. Kxd2
e3+ 59. Ke2 Ke4 60. Ke1 d4 61. Ke2 d3+ 62. Kd1 Kf3 63. Ke1 d2+ 64. Kd1 Kf2 65.
Kc2 Ke2 0-1

[Event "Tournoi Skype 032A"]
[Site "Skype"]
[Date "????.??.??"]
[Round "2.8"]
[White "Lucena Vaz, Jose"]
[Black "Franco Flores, Ximena"]
[Result "0-1"]
[WhiteElo "1804"]
[BlackElo "1594"]
[PlyCount "114"]

1. c4 e5 2. Nc3 Nf6 3. Nf3 Nc6 4. g3 d6 5. Bg2 Bg4 6. O-O Qd7 7. Re1 h5 8. d3
h4 9. Nxh4 Rxh4 10. gxh4 Bh3 11. Bxh3 Qxh3 12. f3 Qxh4 13. Kh1 O-O-O 14. Rg1
Qh7 15. Bg5 Be7 16. Nd5 Nxd5 17. cxd5 Rh8 18. Rg2 Bxg5 19. dxc6 bxc6 20. Qg1
Bf4 21. Rd1 Qh6 22. Rf1 Be3 23. Rgf2 f5 24. Qg3 Bxf2 25. Qxf2 c5 26. Rg1 Qd2
27. Rb1 g5 28. Qe1 Qxe1+ 29. Rxe1 Rh4 30. Kg2 g4 31. fxg4 Rxg4+ 32. Kf3 d5 33.
Rc1 c4 34. dxc4 dxc4 35. e3 Kb7 36. Rc3 Kb6 37. h3 Re4 38. Kg3 a5 39. h4 a4 40.
h5 Kc5 41. h6 Rg4+ 42. Kf3 Rh4 43. h7 Rxh7 44. Ra3 Kb4 45. Rc3 Rh4 46. Kg3 Re4
47. Kf3 Rh4 48. Kg2 f4 49. Ra3 Rg4+ 50. Kf2 Rg3 51. Rc3 Rxe3 52. Rxe3 fxe3+ 53.
Kxe3 a3 54. Kd2 axb2 55. Kc2 Ka3 56. Kb1 e4 57. Kc2 e3 0-1

[Event "Tournoi Skype 032A"]
[Site "Skype"]
[Date "????.??.??"]
[Round "2.9"]
[White "Yeter, Orhan"]
[Black "Casey, Eamonn"]
[Result "0-1"]
[WhiteElo "1578"]
[BlackElo "1724"]
[PlyCount "96"]

1. e4 e6 2. d4 d5 3. Nd2 Nf6 4. exd5 exd5 5. Ngf3 Be7 6. Bd3 O-O 7. O-O c5 8.
dxc5 Bxc5 9. Nb3 Bb6 10. Nbd4 Bg4 11. c3 Nbd7 12. h3 Bh5 13. Re1 Nc5 14. Bc2
Nce4 15. g4 Bg6 16. Nh4 Rc8 17. Nxg6 fxg6 18. Ne6 Nxf2 19. Nxd8 Nxd1+ 20. Kg2
Rcxd8 21. Bxd1 Ne4 22. Bb3 Rf2+ 23. Kg1 Rxb2+ 24. Be3 Bxe3+ 25. Rxe3 Nc5 26.
Bd1 Rf8 27. Bf3 Rd2 28. Rb1 b6 29. Rf1 h6 30. Re5 Rd8 31. Re7 Rd7 32. Re5 Kh7
33. Bg2 d4 34. cxd4 R7xd4 35. Re8 Rd1 36. Ra8 Rxf1+ 37. Kxf1 a6 38. Rb8 b5 39.
Rc8 Nd3 40. Rc6 Nb4 41. Re6 Rf4+ 42. Ke2 Rf6 43. Re8 Nxa2 44. Bd5 Nc3+ 45. Ke3
Nxd5+ 46. Kd4 Nf4 47. g5 hxg5 48. Ke5 Nxh3 0-1

[Event "Tournoi Skype 032A"]
[Site "Skype"]
[Date "????.??.??"]
[Round "2.10"]
[White "Saponara, Jose Maria"]
[Black "De Nobrega, George"]
[Result "1-0"]
[WhiteElo "1710"]
[BlackElo "1572"]
[PlyCount "116"]

1. e4 e5 2. Nf3 Nc6 3. d4 exd4 4. Bc4 h6 5. c3 dxc3 6. bxc3 Bc5 7. Bxf7+ Kxf7
8. Qd5+ Ke8 9. Qxc5 d6 10. Qh5+ Kf8 11. Nbd2 Nf6 12. Qb5 Qe7 13. O-O a6 14. Qd3
Ne5 15. Nxe5 Qxe5 16. h3 Kf7 17. Rb1 Rf8 18. Re1 Kg8 19. Nf3 Qe6 20. Bb2 Bd7
21. c4 Bc6 22. e5 Nd7 23. exd6 Qxd6 24. Qxd6 cxd6 25. Nd4 Ne5 26. Nxc6 Nxc6 27.
Ba3 Rfd8 28. Rxb7 d5 29. Rc7 Rac8 30. Rxc8 Rxc8 31. cxd5 Nd4 32. Bb2 Nf5 33. g4
Nd6 34. Re7 Nf7 35. d6 Rc2 36. d7 Rxb2 37. Rxf7 Rd2 38. Re7 Kh7 39. h4 Kg6 40.
Re6+ Kh7 41. Rxa6 Rxd7 42. Kg2 Rf7 43. Kg3 g6 44. a4 Rb7 45. a5 Rb3+ 46. f3 Rb7
47. Rb6 Ra7 48. a6 Kg8 49. Rxg6+ Kh7 50. Rb6 Ra8 51. h5 Kg7 52. f4 Kf8 53. Rxh6
Kg8 54. Rb6 Ra7 55. g5 Kf8 56. Kg4 Kg7 57. Rb7+ Rxb7 58. axb7 Kf7 1-0

[Event "Tournoi Skype 032A"]
[Site "Skype"]
[Date "????.??.??"]
[Round "2.11"]
[White "Khetre, Gaurav"]
[Black "Trivedi, Viral"]
[Result "0-1"]
[WhiteElo "1701"]
[BlackElo "1551"]
[PlyCount "40"]

1. e4 e6 2. d4 d5 3. e5 c5 4. c3 Qb6 5. Bd3 Nc6 6. Ne2 Bd7 7. Bc2 Rc8 8. O-O
Qc7 9. dxc5 Bxc5 10. Bf4 Nxe5 11. Nd2 Bd6 12. Bg3 Ne7 13. Nd4 N5g6 14. Qf3 O-O
15. Rae1 Bxg3 16. hxg3 e5 17. Nf5 Bb5 18. Bd3 e4 19. Nxe4 dxe4 20. Nxe7+ Nxe7
0-1

[Event "Tournoi Skype 032A"]
[Site "Skype"]
[Date "????.??.??"]
[Round "2.13"]
[White "Sequeda Pimiento, Javier Ricardo"]
[Black "Engstrom, Olle"]
[Result "0-1"]
[WhiteElo "1576"]
[BlackElo "1674"]
[PlyCount "50"]

1. e4 e5 2. Nf3 Nc6 3. d4 exd4 4. Nxd4 Bc5 5. Be3 Qf6 6. c3 Nge7 7. Be2 O-O 8.
O-O d5 9. Nxc6 Qxc6 10. exd5 Nxd5 11. Bf3 Nxe3 12. fxe3 Bxe3+ 13. Kh1 Qh6 14.
Na3 Bf4 15. Bh5 Be6 16. Qf3 Bd6 17. Nb5 Be5 18. h3 Bc4 19. Nd4 Bxf1 20. Rxf1 g6
21. Qe2 Bxd4 22. cxd4 Qxh5 23. Qe7 Qb5 24. Rf2 Rae8 25. Qf6 Re2 0-1

[Event "Tournoi Skype 032A"]
[Site "Skype"]
[Date "????.??.??"]
[Round "2.14"]
[White "Davis, Michael"]
[Black "Hahnewald, Uwe"]
[Result "0-1"]
[WhiteElo "1590"]
[BlackElo "1869"]
[PlyCount "54"]

1. e4 e5 2. d4 exd4 3. c3 Nf6 4. Qxd4 Nc6 5. Qd3 Bc5 6. Nf3 Qe7 7. Nbd2 d5 8.
Qe2 Nxe4 9. Nxe4 Qxe4 10. Qxe4+ dxe4 11. Nd2 O-O 12. Bc4 e3 13. Ne4 exf2+ 14.
Nxf2 Re8+ 15. Be2 Bf5 16. Bf4 Rad8 17. Rd1 Rxd1+ 18. Nxd1 Bg4 19. Be3 Bxe3 20.
Bxg4 Bc1+ 21. Kf2 Bd2 22. Bf3 Ne5 23. Rf1 Nxf3 24. Kxf3 f5 25. h3 g5 26. g4 f4
27. b3 Bxc3 0-1

[Event "Tournoi Skype 032A"]
[Site "Skype"]
[Date "????.??.??"]
[Round "2.15"]
[White "Deville, Olivier"]
[Black "Chavero, Victor"]
[Result "1-0"]
[WhiteElo "1863"]
[BlackElo "1563"]
[PlyCount "49"]

1. Nf3 d5 2. e3 Bg4 3. c4 c6 4. Nc3 Nf6 5. Qa4 dxc4 6. Qxc4 Bxf3 7. gxf3 e6 8.
d4 Bd6 9. e4 Bc7 10. Rg1 O-O 11. Bg5 Nbd7 12. e5 h6 13. Bxh6 Nh5 14. Rg5 Kh7
15. Bd3+ g6 16. Rxh5 Kg8 17. Bg5 Qc8 18. Bxg6 Nb6 19. Bh7+ Kg7 20. Qf1 Bd8 21.
Bh6+ Kxh7 22. Bxf8+ Kg8 23. Bd6 f5 24. Qg2+ Kf7 25. Rh7+ 1-0

[Event "Tournoi Skype 032A"]
[Site "Skype"]
[Date "????.??.??"]
[Round "2.16"]
[White "Graham, Neil"]
[Black "Bourdeau, Yvan"]
[Result "1-0"]
[WhiteElo "1622"]
[BlackElo "1740"]
[PlyCount "71"]

1. d4 g6 2. e4 d6 3. Nf3 Bg7 4. Be2 e5 5. dxe5 dxe5 6. Qxd8+ Kxd8 7. O-O Be6 8.
Nc3 c6 9. Be3 f6 10. Rad1+ Nd7 11. Rd6 Ke7 12. Rfd1 Rd8 13. Bxa7 Nh6 14. Na4
Nf7 15. R6d2 Ke8 16. Nb6 Bh6 17. Rd3 Nc5 18. Rxd8+ Nxd8 19. Bd3 Bf8 20. a3 Be7
21. b4 Nd7 22. Nxd7 Kxd7 23. Bb6 Kc8 24. Nd2 Nf7 25. f3 Re8 26. Bc4 Bd8 27.
Bxe6+ Rxe6 28. Bxd8 Kxd8 29. Nc4+ Kc7 30. Kf2 Nd6 31. Nxd6 Rxd6 32. Rxd6 Kxd6
33. Ke3 c5 34. Kd3 f5 35. Kc4 Kc6 36. bxc5 1-0

[Event "Tournoi Skype 032A"]
[Site "Skype"]
[Date "????.??.??"]
[Round "2.17"]
[White "Gharbi, Said"]
[Black "Lovell, Stan"]
[Result "0-1"]
[WhiteElo "1544"]
[BlackElo "1684"]
[PlyCount "49"]

1. e4 c6 2. Bc4 d5 3. exd5 cxd5 4. Bb3 Nf6 5. d4 Bf5 6. Nf3 e6 7. Bf4 Bd6 8.
Be5 O-O 9. O-O Ng4 10. h3 Nf6 11. Nc3 a6 12. Re1 Nc6 13. Re3 Na5 14. Ba4 Nc4
15. Re1 Nxb2 16. Qb1 Nxa4 17. Nxa4 b5 18. Nb2 Rc8 19. Re2 Ne4 20. Nd1 h6 21.
Nh4 Bh7 22. Nf3 Rc4 23. Qc1 Qc7 24. Bxd6 Qxd6 25. Nd2 0-1

[Event "Tournoi Skype 032A"]
[Site "Skype"]
[Date "????.??.??"]
[Round "2.18"]
[White "Rincon Martin, Santiago"]
[Black "Carballo, Jorge"]
[Result "1-0"]
[WhiteElo "1673"]
[BlackElo "1620"]
[PlyCount "99"]

1. c4 Nf6 2. Nc3 e6 3. g3 d5 4. d4 c5 5. Bg2 dxc4 6. Qa4+ Bd7 7. Qxc4 Nc6 8.
Nf3 cxd4 9. Nxd4 Nxd4 10. Qxd4 Bc6 11. Qxd8+ Rxd8 12. Bxc6+ bxc6 13. O-O Bc5
14. Bg5 O-O 15. Rac1 Rfe8 16. Na4 Bd4 17. Rxc6 Rd5 18. Bf4 Ne4 19. e3 Bf6 20.
h4 e5 21. Bg5 Nxg5 22. hxg5 Bxg5 23. e4 Rd4 24. Nc3 Bd2 25. f3 Bxc3 26. Rxc3
Rd2 27. Rf2 Rd1+ 28. Kg2 Red8 29. Rcc2 f6 30. b4 Ra1 31. b5 Rdd1 32. f4 Rg1+
33. Kf3 exf4 34. gxf4 Rh1 35. Rc8+ Kf7 36. Rc7+ Kg6 37. Rxa7 Rh3+ 38. Kg2 Rb3
39. Ra5 Rbb1 40. a4 h5 41. Kh3 Rh1+ 42. Kg2 Rag1+ 43. Kf3 h4 44. b6 h3 45. b7
Ra1 46. b8=Q Ra3+ 47. Kg4 Rg1+ 48. Kh4 Rag3 49. Qe8+ Kh7 50. Rh5# 1-0

[Event "Tournoi Skype 032A"]
[Site "Skype"]
[Date "????.??.??"]
[Round "2.19"]
[White "Vaswani, Manohar"]
[Black "Nicolini, Francesco"]
[Result "1/2-1/2"]
[WhiteElo "1447"]
[BlackElo "1666"]
[PlyCount "63"]

1. e4 Nf6 2. Nc3 e5 3. Nf3 d6 4. Bc4 Be7 5. h3 O-O 6. O-O Be6 7. Bb3 c6 8. Ng5
Bxb3 9. axb3 h6 10. Nf3 Na6 11. d3 Nc5 12. Be3 b6 13. b4 Ne6 14. b5 c5 15. Ne2
d5 16. exd5 Qxd5 17. Ng3 Rfd8 18. Nf5 Bf8 19. Qd2 e4 20. dxe4 Qxe4 21. Ng3 Qc4
22. Qc3 Qxc3 23. bxc3 Nd5 24. Bd2 Ndc7 25. c4 a5 26. bxa6 Rxa6 27. Rxa6 Nxa6
28. Ra1 Nac7 29. Ra7 Na8 30. Bc3 f6 31. Nf5 Nec7 32. Kf1 1/2-1/2

[Event "Tournoi Skype 032A"]
[Site "Skype"]
[Date "????.??.??"]
[Round "2.20"]
[White "Galani, Mahendra"]
[Black "Herrera, Oscar"]
[Result "0-1"]
[WhiteElo "1572"]
[BlackElo "1635"]
[PlyCount "98"]

1. d4 d5 2. Nd2 Nf6 3. Ngf3 e6 4. e3 Nc6 5. Bb5 Bd7 6. O-O Bd6 7. c4 O-O 8. c5
Be7 9. Qc2 a6 10. Bxc6 Bxc6 11. Ne5 Qe8 12. b4 b5 13. cxb6 cxb6 14. Nxc6 Rc8
15. Nxe7+ Qxe7 16. Qa4 Qb7 17. Ba3 b5 18. Qb3 Nd7 19. Bb2 Nb6 20. Rab1 Rfe8 21.
Nf3 Nc4 22. Bc1 e5 23. dxe5 Nxe5 24. Nd4 Qd7 25. h3 Ng6 26. Qd1 Re4 27. Nf3 h6
28. Nd2 Rh4 29. Nf3 Re4 30. Bb2 Rce8 31. Bd4 Qf5 32. Nd2 Rh4 33. Nf3 Rhe4 34.
Nd2 Rh4 35. Qf3 Qg5 36. Nb3 Ne5 37. Bxe5 Rxe5 38. Rbc1 Rf5 39. Rc8+ Kh7 40. Qg3
Qh5 41. Nd4 Rg5 42. Qb8 Rxh3 43. Rh8+ Kg6 44. Qb6+ f6 45. f3 Rh1+ 46. Kf2 Qh4+
47. Ke2 Rxg2+ 48. Rf2 Qxf2+ 49. Kd3 Qd2# 0-1

[Event "Tournoi Skype 032A"]
[Site "Skype"]
[Date "????.??.??"]
[Round "2.21"]
[White "Le Brun, Yves"]
[Black "Mayor Martinez, Juan Jose"]
[Result "0-1"]
[WhiteElo "1601"]
[BlackElo "1802"]
[PlyCount "52"]

1. c4 c5 2. g3 Nc6 3. e3 e6 4. Bg2 Nf6 5. Nc3 a6 6. Nge2 d6 7. a3 Bd7 8. O-O
Be7 9. Qc2 Qc7 10. d3 O-O 11. Bd2 Rab8 12. Na2 b5 13. Rfc1 Rfc8 14. d4 cxd4 15.
exd4 bxc4 16. Nb4 Nxb4 17. Bxb4 Nd5 18. Bc3 Nxc3 19. Nxc3 d5 20. a4 Qb6 21. Rd1
Qxb2 22. Qxb2 Rxb2 23. Rdb1 Rcb8 24. Rxb2 Rxb2 25. Rb1 Rxb1+ 26. Nxb1 Bxa4 0-1

[Event "Tournoi Skype 032A"]
[Site "Skype"]
[Date "????.??.??"]
[Round "2.22"]
[White "Lambert, Pierre"]
[Black "De Fazio, Monica"]
[Result "1-0"]
[WhiteElo "1791"]
[BlackElo "1603"]
[PlyCount "43"]

1. e4 e6 2. d4 d5 3. Nc3 Bb4 4. e5 c5 5. Bd2 cxd4 6. Nb5 Bxd2+ 7. Qxd2 Nc6 8.
Nd6+ Ke7 9. Qg5+ Nf6 10. Nxc8+ Rxc8 11. exf6+ gxf6 12. Qd2 Qa5 13. Qxa5 Nxa5
14. O-O-O Rc5 15. b4 Rc3 16. bxa5 Rhc8 17. Rd2 R8c5 18. Ne2 Ra3 19. Nxd4 Rcxa5
20. Nb3 R5a4 21. Bb5 Rg4 22. Kb2 1-0

[Event "Tournoi Skype 032A"]
[Site "Skype"]
[Date "????.??.??"]
[Round "2.25"]
[White "Llabres, Sergio"]
[Black "Alvarez, Juan Evangelista"]
[Result "0-1"]
[WhiteElo "1556"]
[BlackElo "1693"]
[PlyCount "64"]

1. d4 f5 2. e3 Nf6 3. c4 d5 4. Nf3 Be6 5. b3 Bf7 6. Bb2 Nbd7 7. Ne5 Nxe5 8.
dxe5 Ne4 9. Nd2 e6 10. Nf3 Bc5 11. cxd5 exd5 12. a3 f4 13. b4 Bb6 14. Bd4 O-O
15. Be2 fxe3 16. Bxe3 Bxe3 17. fxe3 c5 18. bxc5 Qa5+ 19. Nd2 Qxc5 20. Nxe4 dxe4
21. Qd4 Qa5+ 22. Kf2 Bh5+ 23. Kg3 Bxe2 24. Qxe4 Rae8 25. Qd4 Rxe5 26. h4 Qc7
27. Kh3 Qc8+ 28. Kg3 Qe6 29. Rae1 Rxe3+ 30. Kh2 Re4 31. Qd2 Rxh4+ 32. Kg1 Qb6+
0-1

[Event "Tournoi Skype 032A"]
[Site "Skype"]
[Date "????.??.??"]
[Round "2.26"]
[White "Rodier, Marc"]
[Black "Grib, Johannes"]
[Result "1-0"]
[WhiteElo "1686"]
[BlackElo "1599"]
[PlyCount "47"]

1. e4 d6 2. d4 c6 3. Nf3 Nd7 4. Bd3 Qc7 5. O-O h6 6. c4 e5 7. dxe5 dxe5 8. Qc2
Ngf6 9. h3 Nc5 10. Nc3 Nh5 11. Re1 Be6 12. Bf1 O-O-O 13. b4 Na6 14. b5 Nb4 15.
Qa4 b6 16. bxc6 Kb8 17. Nb5 Qxc6 18. Qxa7+ Kc8 19. Nxe5 Qb7 20. Qa4 Kb8 21. Be3
Be7 22. Red1 Qxe4 23. Qa7+ Kc8 24. Qc7# 1-0

[Event "Tournoi Skype 032A"]
[Site "Skype"]
[Date "????.??.??"]
[Round "2.27"]
[White "Castellanos Gonzalez, Mariano"]
[Black "Lopes, Marcia Maria"]
[Result "1-0"]
[WhiteElo "1670"]
[BlackElo "1579"]
[PlyCount "85"]

1. e4 c5 2. Nc3 d6 3. g3 Nf6 4. Bg2 a6 5. f4 Nc6 6. Nf3 e6 7. O-O Be7 8. d3 O-O
9. h3 Qc7 10. Nh2 b5 11. Ng4 Nxg4 12. Qxg4 e5 13. f5 Bf6 14. Nd5 Qd8 15. h4 Kh8
16. Nxf6 Qxf6 17. Bg5 Rg8 18. Bxf6 gxf6 19. Qh5 Rg7 20. Kh2 Bd7 21. c3 Rag8 22.
Rf3 Na7 23. Rg1 Nc8 24. Bf1 Bc6 25. g4 Be8 26. Rfg3 Nb6 27. Qh6 Nd7 28. h5 Rg5
29. Be2 R8g7 30. Bd1 Kg8 31. a4 Kf8 32. Bb3 Ke7 33. axb5 axb5 34. Ra1 Nb6 35.
Ra7+ Bd7 36. Rb7 Nc8 37. Bd5 Rxg4 38. Rxg4 Rxg4 39. Bc6 Nb6 40. Rxb6 Bxc6 41.
Rxc6 Kd7 42. Ra6 Rg8 43. Qxf6 1-0

[Event "Tournoi Skype 032A"]
[Site "Skype"]
[Date "????.??.??"]
[Round "2.28"]
[White "Munoz Gonzalez, Martin"]
[Black "Pasasin, Alejandro"]
[Result "0-1"]
[WhiteElo "1658"]
[BlackElo "1576"]
[PlyCount "60"]

1. b3 e5 2. Bb2 Nc6 3. e4 Nf6 4. d3 Bc5 5. h3 O-O 6. Nf3 d6 7. Be2 a6 8. O-O
Re8 9. Nc3 Nd4 10. Nxd4 Bxd4 11. Qc1 Be6 12. Nd1 Ba7 13. Kh1 Qd7 14. Bf3 Bxh3
15. gxh3 Qxh3+ 16. Kg1 Qg3+ 17. Bg2 Ng4 18. Re1 Nxf2 19. Nxf2 Qxf2+ 20. Kh2 Re6
21. Rf1 Rh6+ 22. Qxh6 gxh6 23. Rxf2 Bxf2 24. Rf1 Be3 25. Rf3 Bf4+ 26. Kh3 Kh8
27. d4 f6 28. Rf1 Rg8 29. Rf3 Rg5 30. d5 Kg7 0-1

[Event "Tournoi Skype 032A"]
[Site "Skype"]
[Date "????.??.??"]
[Round "2.30"]
[White "Vello, Pablo"]
[Black "Morales Terreros, Jose Luis"]
[Result "0-1"]
[WhiteElo "1514"]
[BlackElo "1623"]
[PlyCount "71"]

1. d4 Nf6 2. Nc3 d6 3. Bf4 Nh5 4. Bd2 g6 5. e4 Bg7 6. e5 dxe5 7. d5 f5 8. Bb5+
c6 9. dxc6 Nxc6 10. Qe2 O-O 11. O-O-O Nd4 12. Bc4+ e6 13. Qe1 Qc7 14. Bf1 a6
15. Be3 Nf4 16. Nge2 Rd8 17. Nxf4 exf4 18. Bxd4 Rxd4 19. Rxd4 Bxd4 20. Be2 Bd7
21. Kb1 Rc8 22. Bd3 b5 23. Qd2 e5 24. f3 Be6 25. Nd1 Rb8 26. Re1 b4 27. b3 a5
28. Qc1 a4 29. Nb2 Qc3 30. bxa4 Qa3 31. Bc4 Bxc4 32. Nxc4 Qxa4 33. Nb2 Qa6 34.
Nd3 Ra8 35. Nxb4 Qc4 36. a3 0-1

[Event "Tournoi Skype 032A"]
[Site "Skype"]
[Date "????.??.??"]
[Round "2.31"]
[White "Khabou, Taha"]
[Black "Kumbhar, Ashok"]
[Result "1-0"]
[WhiteElo "1615"]
[BlackElo "1511"]
[PlyCount "23"]

1. d4 d5 2. Bf4 e6 3. e3 Bd6 4. Bg3 Nf6 5. Nf3 Nh5 6. Bxd6 Qxd6 7. c3 O-O 8.
Bd3 Nc6 9. O-O e5 10. Nxe5 Nxe5 11. Bxh7+ Kxh7 12. Qxh5+ 1-0

[Event "Tournoi Skype 032A"]
[Site "Skype"]
[Date "????.??.??"]
[Round "2.32"]
[White "L'Herbon De Lussats, Jean"]
[Black "Hadla, Mohammad Ali"]
[Result "0-1"]
[WhiteElo "1493"]
[BlackElo "1614"]
[PlyCount "138"]

1. c4 Nf6 2. d4 e5 3. dxe5 Ng4 4. Nf3 Bc5 5. e3 Nc6 6. Qd5 Qe7 7. a3 Ngxe5 8.
b4 Nxf3+ 9. gxf3 Bd6 10. f4 Bxf4 11. Be2 Be5 12. Ra2 Nxb4 13. axb4 Qxb4+ 14.
Nd2 d6 15. Qe4 O-O 16. Bd3 g6 17. Ba3 Qa5 18. h4 Bf5 19. Qg2 Bxd3 20. h5 Rfe8
21. hxg6 Bxg6 22. f4 Bxf4 23. O-O Bxe3+ 24. Kh1 Qh5+ 25. Qh2 Qxh2+ 26. Kxh2
Bxd2 27. Rxd2 Re4 28. c5 dxc5 29. Bxc5 b6 30. Ba3 Rae8 31. Rg1 Re2+ 32. Rg2
Rxd2 33. Rxd2 h5 34. Rd7 Re2+ 35. Kg1 Rc2 36. Be7 Kg7 37. Bd8 c5 38. Rxa7 b5
39. Rb7 b4 40. Be7 Kh6 41. Rb5 c4 42. Rxb4 c3 43. Rc4 Rc1+ 44. Kf2 c2 45. Bc5
Rd1 46. Be3+ Kh7 47. Rc7 h4 48. Kg2 Bf5 49. Bf4 Kg6 50. Be3 h3+ 51. Kh2 Re1 52.
Bf4 Re2+ 53. Kg1 Be4 54. Rc5 Rg2+ 55. Kh1 Rf2+ 56. Kg1 Rxf4 57. Kh2 Rf1 58.
Kxh3 c1=Q 59. Rxc1 Rxc1 60. Kg4 f5+ 61. Kf4 Bc6 62. Ke3 Kg5 63. Ke2 Kg4 64. Kf2
f4 65. Ke2 Kg3 66. Kd3 f3 67. Kd2 Rg1 68. Ke3 f2 69. Ke2 f1=Q+ 0-1

[Event "Tournoi Skype 032A"]
[Site "Skype"]
[Date "????.??.??"]
[Round "2.33"]
[White "Lago Carballo, Maria Del Carmen"]
[Black "Bendre, Pankaj"]
[Result "0-1"]
[WhiteElo "1604"]
[BlackElo "1479"]
[PlyCount "82"]

1. e4 c5 2. c3 d6 3. h3 e5 4. Nf3 Nc6 5. Bc4 Nf6 6. d3 h6 7. O-O a6 8. Bb3 Be7
9. Nbd2 O-O 10. Re1 b5 11. Nf1 Bb7 12. Ng3 Rc8 13. Nf5 Kh7 14. a3 Qd7 15. Nxe7
Qxe7 16. Be3 Rfd8 17. Nh2 Na5 18. Ba2 c4 19. b4 cxd3 20. bxa5 Bxe4 21. Bb6 Re8
22. Rc1 d5 23. f3 Bg6 24. Bd4 Qxa3 25. Rxe5 Qxa2 26. Rxe8 Rxe8 27. Bxf6 gxf6
28. Ng4 Re2 29. Nxf6+ Kg7 30. Ng4 Rxg2+ 31. Kh1 Rg3 32. Qf1 d2 33. Rd1 Qc2 34.
Ne3 Qxc3 35. Nxd5 Qd4 36. Kh2 Rg5 37. Nb6 b4 38. f4 Rf5 39. Kg3 Bh5 40. Qf2
Qd3+ 41. Kg2 Bxd1 0-1